00249 a2200109 4500001000700000020000600007040001100013100003100024240004000055245003500095362000900130172028 a  cMagnum aFerreira, Glauco Rodrigues10aO misterio do fiscal dos canoslpor10aO misterio do fiscal dos canos0 a1899